KAĞIT TOPLAYAN PROFESÖR (Record no. 1187797)

MARC details
000 -LEADER
sabit uzunluktaki kontrol alanı 00257nam a2200097Ia 4500
001 - KONTROL NUMARASI
kontrol alanı 1187797
005 - EN SON İŞLEMİN TARİH VE ZAMANI
kontrol alanı 20250827021018.0
008 - SABİT-UZUNLUKTA VERİ ÖĞELERİ--GENEL BİLGİ
sabit uzunluktaki kontrol alanı 250824s9999 xx 000 0 und d
245 #0 - ESER / YAZAR
ESER ADI KAĞIT TOPLAYAN PROFESÖR
Yazar Adı MEHMET FİDAN
260 ## - YAYIN, DAĞITIM, VB.
YAYIN EVİ ATLI KARINCA YAYINLARI
Holdings
Düşüm durumu Kayıp durumu Hasar Durumu Ödünç verilmez Ana kütüphane Geçerli Kütüphane Edinilen tarih Toplam ödünç verme sayısı Barkod Son görüntüleme tarihi Fiyatın geçerli olmaya başladığı tarih Koha materyal türü
        AHMET HAZIM ULUŞAHİN İMAM HATİP ORTAOKULU AHMET HAZIM ULUŞAHİN İMAM HATİP ORTAOKULU 24.08.2025   10991442 16.01.2026 27.08.2025 Books